000 00573nam a2200205Ia 4500
005 20250508165605.0
008 008 250505s9999 xx 000 0 eng d
037 _aTextual
040 _aFEDL
_beng
_cFEDL
041 _aeng
_2eng
084 _a001.53, CHA
_qFEDL
100 _aCHARNIAK EUGENE
_9781284
245 0 _aINTRODUCTION TO ARTIFICIAL INTELLIGENCE
260 _aCanada
_bAddison Wesley
_c1987
300 _axvii, 701
365 _aINR
_b491.86
700 _a MCDERMOTT DREW
_9781285
942 _cTEXL
_h001.53, CHA
999 _c1396052
_d1396052